00405 2200157 4500001002100000005001500021035002000036245006100056100002100117300002600138260002800164082000800192084001400200020002100214990001200235INLIS00000000000189620250519013739 a0010-05250001881 aAyah Pemilik Cinta Yang Terlupakan 2 /cEidelweis Almira0 aEidelweis Almira a196 hlm ;c13 x 19 cm aJakarta :bZettu,c2016 a813 a813 EID a a978-602-799-70-1 a0754792